|
|
|
|
| LEADER |
00000cam a22000004a 4500 |
| 001 |
musev2_40784 |
| 003 |
MdBmJHUP |
| 005 |
20230905044257.0 |
| 006 |
m o d |
| 007 |
cr||||||||nn|n |
| 008 |
041221s2005 wau o 00 0 eng d |
| 020 |
|
|
|a 9780295801704
|
| 020 |
|
|
|z 9780295984988
|
| 035 |
|
|
|a (OCoLC)742514420
|
| 040 |
|
|
|a MdBmJHUP
|c MdBmJHUP
|
| 100 |
1 |
|
|a White, Glenn D.,
|d 1933-
|
| 245 |
1 |
4 |
|a The Audio Dictionary :
|b Third Edition, Revised and Expanded /
|c Glenn D. White and Gary J. Louie.
|
| 250 |
|
|
|a Third edition, revised and expanded.
|
| 264 |
|
1 |
|a Seattle :
|b University of Washington Press,
|c [2005].
|
| 264 |
|
3 |
|a Baltimore, Md. :
|b Project MUSE,
|c 2016
|
| 264 |
|
4 |
|c ©[2005].
|
| 300 |
|
|
|a 1 online resource (516 pages):
|b illustrations
|
| 336 |
|
|
|a text
|b txt
|2 rdacontent
|
| 337 |
|
|
|a computer
|b c
|2 rdamedia
|
| 338 |
|
|
|a online resource
|b cr
|2 rdacarrier
|
| 505 |
0 |
|
|a The audio dictionary -- The art and science of good acoustics -- Some frequently used symbols and units -- How to subdue a hi-fi salesperson -- Good acoustics in small rooms and auditoria -- Some notes on audio measurements -- The balanced line -- Some notes on digital audio -- Musical scales and the tuning of musical instruments -- Some notes on the history of high fidelity -- Some notes on decimal and binary arithmetic as used in computer terminology -- Some notes on impedance and frequency response.
|
| 520 |
1 |
|
|a "The Audio Dictionary is a comprehensive resource of contemporary as well as historical, obsolete, and obscure terms relating to diverse aspects of audio - film and TV sound, recording, Hi-Fi, and acoustics. The Third Edition includes: four hundred new entries, such as AAC (advanced audio coding), lip synch, metadata, MP3, and satellite radio; every term from previous editions has been reconsidered and often rewritten; guest entries by Dennis Bohn, cofounder and head of research and development at Rane Corporation, and film sound expert Larry Blake, whose credits include Erin Brockovich and Ocean's Eleven; and the appendixes - tutorials that gather a lifetime's worth of experience in acoustics - include both new and greatly expanded articles."--Jacket.
|
| 588 |
|
|
|a Description based on print version record.
|
| 650 |
|
7 |
|a Sound
|x Recording and reproducing.
|2 fast
|0 (OCoLC)fst01126957
|
| 650 |
|
7 |
|a COMPUTERS
|x Digital Media
|x Audio.
|2 bisacsh
|
| 650 |
|
7 |
|a TECHNOLOGY & ENGINEERING
|x Electrical.
|2 bisacsh
|
| 650 |
|
0 |
|a Sound
|x Recording and reproducing
|v Dictionaries.
|
| 655 |
|
7 |
|a Dictionaries.
|2 fast
|0 (OCoLC)fst01423826
|
| 655 |
|
0 |
|a Electronic book.
|
| 655 |
|
7 |
|a Electronic books.
|2 local
|
| 700 |
1 |
|
|a Louie, Gary J.
|
| 710 |
2 |
|
|a Project Muse.
|e distributor
|
| 830 |
|
0 |
|a Book collections on Project MUSE.
|
| 856 |
4 |
0 |
|z Texto completo
|u https://projectmuse.uam.elogim.com/book/40784/
|
| 945 |
|
|
|a Project MUSE - Custom Collection
|
| 945 |
|
|
|a Project MUSE - Archive Complete Supplement IV
|
| 945 |
|
|
|a Project MUSE - Archive Film, Theater and Performing Arts Supplement IV
|